000 01314nam a2200181Ia 4500
999 _c8146
_d8146
005 20230516142357.0
008 230508s9999 xx 000 0 und d
040 _aUPAN
_cBiblioteca San Vicente
_eRCAA2
041 _aspa
082 _a343.04
_bM463
100 _aMendoza Orantes, Ricardo
_4aut.
245 0 _aJurisprudencia tributaria salvadoreña
_bLic. Ricardo Mendoza Orantes
260 _aEl Salvador:
300 _a140 p.:
_c21 cm.
505 _aDentro de este contexto, adquieren especial importancia las sentencias y resoluciones del honorable Tribunal de Apelaciones de los Impuestos de Renta y Patrimonio, que sin lugar a dudas, constituyen una enorme fuente de informaciòn y conocimientos para las personas interesadas en el estudio del Derecho Tributario, facilitando su comprensiòn y entendimiento, lo cual renundarà en beneficio del constribuyente y de la Administraciòn Fiscal. La finalidad del texto, es que sirva de material de apoyo a los alumnos, para la enseñanza de las materias FINANZAS PÙBLICAS, DERECHO TRIBUTARIO Y LEYES ADMINISTRATIVAS, en la Facultad de Derecho de la Universidad " Dr. Jose Matìas Delgado", materias de las cuales soy catedràtico en la citada Universidad, razòn por la que se ha hecho un tiraje limitado.
650 _2LEMB
_aJurisprudencia
942 _cBK
_2ddc